Music Quiz

Random Music or Clickable Quiz

Music Notation: Scores (Basic) Quiz Stats

 Plays Quiz Updated Jul 2, 2018

Challenge
Share
Tweet
Score 0/13 Timer 04:00
15 Plays Today
% Correct
Time
93.3%
G-Clef
93%
F-Clef
91.8%
Chord
87.6%
Flagged
84.4%
Start Repeat
83.6%
End Repeat
82.7%
Brace
80.5%
Barred
80.5%
Key
79%
Bar Line
75%
Measure
73.4%
Ledger Line
60%

You're not logged in!

Compare scores with friends on all Sporcle quizzes.
Join for Free
OR
Log In

You Might Also Like...

Show Comments

Extras

Top Quizzes Today


Score Distribution

Your Account Isn't Verified!

In order to create a playlist on Sporcle, you need to verify the email address you used during registration. Go to your Sporcle Settings to finish the process.

Report this User

Report this user for behavior that violates our Community Guidelines.

Details: